00489 2200193 4500001002100000005001500021008004100036020002200077035001900099041000600118082000800124090001400132100001300146245003900159260004600198300002700244500000700271650001700278INLIS00000000000291920241224112627241224||||||||| | ||| |||| ||  a978-979-22-4861-6 0010-1224002919 a00 a813 a813 FUA m0 aA. Fuadi00aNegeri 5 Menara "Man Jadda Wajada" aJakartabPT. Gramedia Pustaka Utamac2013 axii, 426 hlm.; 20,5 cm a12 0aKesusastraan